Los trabajadores en la sociedad contemporánea / (Record no. 155976)

MARC details
000 -LEADER
campo de control de longitud fija 01035nam a2200277 i 4500
001 - NÚMERO DE CONTROL
campo de control 155976
003 - IDENTIFICADOR DE NÚMERO DE CONTROL
campo de control ES-MaACL
005 - FECHA Y HORA DE LA ÚLTIMA TRANSACCIÓN
campo de control 20250902063108.0
008 - DATOS DE LONGITUD FIJA--INFORMACIÓN GENERAL
campo de control de longitud fija 190205s1966 ag |||| | spa d
017 ## - NÚMERO DE COPYRIGHT O DE DEPÓSITO LEGAL
Número de copyright o de depósito legal B 12043-1966
Agencia que asigna Oficina Depósito Legal Barcelona
040 ## - FUENTE DE CATALOGACIÓN
Centro/agencia transcriptor ES-MaACL
080 ## - NÚMERO DE LA CLASIFICACIÓN DECIMAL UNIVERSAL
Número de la Clasificación Decimal Universal 316.343.2-058.14
245 04 - MENCIÓN DEL TÍTULO
Título Los trabajadores en la sociedad contemporánea /
Mención de responsabilidad, etc. Jean Dubois, Paul-Henry Chombart de Lauwe ... [et al.] ; versión de Ángel Abad
260 ## - PUBLICACIÓN, DISTRIBUCIÓN, ETC.
Lugar de publicación, distribución, etc. Barcelona :
Nombre del editor, distribuidor, etc. Nova Terra,
Fecha de publicación, distribución, etc. [1966]
300 ## - DESCRIPCIÓN FÍSICA
Extensión 442 páginas ;
Dimensiones 21 cm
490 1# - MENCIÓN DE SERIE
Mención de serie Colección el mundo y los hombres ;
Designación de volumen o secuencia 13
650 #7 - PUNTO DE ACCESO ADICIONAL DE MATERIA--TÉRMINO DE MATERIA
Término de materia o nombre geográfico como elemento de entrada Clase trabajadora
Fuente del encabezamiento o término embne
9 (RLIN) 151811
700 1# - ENTRADA AGREGADA--NOMBRE PERSONAL
Nombre de persona Dubois, Jean,
Fechas asociadas al nombre 1928-2010
Término indicativo de función/relación Autor
9 (RLIN) 45766
700 1# - ENTRADA AGREGADA--NOMBRE PERSONAL
Nombre de persona Chombart de Lauwe, Paul-Henry,
Fechas asociadas al nombre 1913-1998
Término indicativo de función/relación Autor
9 (RLIN) 38604
700 1# - ENTRADA AGREGADA--NOMBRE PERSONAL
Nombre de persona Abad, Ángel
Término indicativo de función/relación Traductor
9 (RLIN) 17894
830 #0 - PUNTO DE ACCESO ADICIONAL DE SERIE-TÍTULO UNIFORME
Título uniforme Colección el mundo y los hombres ;
Designación de volumen o secuencia 13
9 (RLIN) 187821
852 4# - LOCALIZACIÓN
Ubicación ES-MaACL
Ubicación en estantería Depósito 2
Número de control de estantería P-437-bis-11
942 ## - ELEMENTOS DE ENTRADA SECUNDARIOS (KOHA)
Tipo de ítem Koha Libro impreso
Suprimir en OPAC No
Holdings
Estatus retirado Estado de pérdida Estado de daño No para préstamo Biblioteca de origen Biblioteca actual Ubicación en estantería Fecha de adquisición Fuente de adquisición Total de préstamos Signatura topográfica completa Código de barras Visto por última vez Precio de reemplazo Tipo de ítem Koha
        Biblioteca del Ateneo de Madrid Biblioteca del Ateneo de Madrid Depósito 2 05/02/2019     P-437-bis-11 1199795 23/02/2023 23/02/2023 Libro impreso